书目信息 |
| 题名: |
区域经济开发研究
|
|
| 作者: | 张敦富 主编 | |
| 分册: | ||
| 出版信息: | 北京 中国轻工业出版社 1998.11 |
|
| 页数: | 467页 | |
| 开本: | 32开 | |
| 丛书名: | ||
| 单 册: | ||
| 中图分类: | F061.5 | |
| 科图分类: | ||
| 主题词: | 经济学--分支科学 | |
| 电子资源: | ||
| ISBN: | 7-5019-2348-5 | |
| 000 | 00565nam0 2200193 45 | |
| 001 | 0009281796 | |
| 005 | 20000928171414.8 | |
| 010 | @a7-5019-2348-5@d34.00元 | |
| 100 | @a20000928d1998 km y0chiy0120 ea | |
| 101 | 0 | @achi |
| 105 | @a z 000yy | |
| 200 | 1 | @a区域经济开发研究@AQu Yu Jing Ji Kai Fa Yan Jiu@f张敦富主编@FZhang Dun Fu Zhu Bian |
| 210 | @a北京@c中国轻工业出版社@d1998.11 | |
| 215 | @a467页@d32开 | |
| 606 | 0 | @a经济学@x分支科学 |
| 690 | @aF061.5@v3 | |
| 701 | 0 | @a张敦富@4主编 |
| 801 | @aCN@bPftUser@c20000928 | |
| 905 | @b157785-787@dF061.5@eZH238@f3 | |
| 区域经济开发研究/张敦富主编.-北京:中国轻工业出版社,1998.11 |
| 467页;32开 |
| ISBN 7-5019-2348-5:34.00元 |
| ● |
| 相关链接 |
|
|
|
正题名:区域经济开发研究
索取号:F061.5/ZH238
 
预约/预借
| 序号 | 登录号 | 条形码 | 馆藏地/架位号 | 状态 | 备注 |
| 1 | 157785 | 201577855 | 社科库409/ [索取号:F061.5/ZH238] | 在馆 | |
| 2 | 157786 | 201577864 | 社科库409/409社科库 64排3列1层/ [索取号:F061.5/ZH238] | 在馆 | |
| 3 | 157787 | 201577873 | 社科二线422/409社科库 64排3列1层/ [索取号:F061.5/ZH238] | 在馆 |